| 000 | 00605nam a2200205 i 4500 | ||
|---|---|---|---|
| 001 | 115432 | ||
| 003 | ES-MaACL | ||
| 005 | 20250825062556.0 | ||
| 007 | t| | ||
| 008 | 070308s1931 sp ||||1| spa d | ||
| 080 | _a821.134.2-23"18" | ||
| 100 | 1 |
_aTamayo y Baus, Manuel. _9109165 |
|
| 245 | 1 | 0 |
_aVirginia _b: tragedia en cinco actos / _cManuel Tamayo y Baus. |
| 260 |
_aMadrid : _bPrensa Moderna, _c1931. |
||
| 300 |
_a64 p. ; _c17 cm. |
||
| 490 | 1 |
_aEl Teatro moderno ; _v294 |
|
| 830 | 0 | 3 |
_aEl teatro moderno (Prensa Moderna) _v294 _9182365 |
| 852 |
_aES-MaACL _jC-13136 |
||
| 999 |
_c115432 _d115432 |
||